000 00820cam a2200229 a 4500
001 000002859
005 20200929150255.0
008 961119s1997 pr 001 0aspa
020 _a0865814961
040 _aDO-SdBNP
_bspa
_cBNPHU
082 _aPR860.44
_bL864m
100 1 _aLópez Cantos, Ángel,
_b1935-
_99072
245 1 0 _aMi tío, Miguel Enríquez /
_cÁngel López Cantos ; Editor, Pepe Carvajal.
260 _aSan Juan, P.R. :
_bInstituto de Cultura Puertorriqueña,
_c1997.
300 _a311 p. ;
_c21 cm.
650 4 _aLiteratura puertoriqueña
_96540
651 4 _aPuerto Rico
_xHistoria
_y1898
_99073
651 4 _aPuerto Rico
_xVida Social Y Costumbres
_99074
650 4 _aPiratas
_zPuerto Rico
_xBibliografía
_99075
600 1 0 _aENRÍQUEZ, MIGUEL,
_d1681-1749.
_99076
700 1 _aCarvajal, Pepe,
_eed.
_99077
999 _c2693
_d2693